[Event "MP do 18 lat - chlopcy"]
[Site "Sypniewo"]
[Date "2022.03.26"]
[Round "8.7"]
[White "Suder, Jakub"]
[Black "Czernek, Tymon"]
[Result "1-0"]
[BlackElo "2229"]
[WhiteElo "2321"]
[LiveChessVersion "1.4.8"]

1. d4 {[%clk 1:30:54]} Nf6 {[%clk 1:30:55]} 2. c4 {[%clk 1:31:21]} g6
{[%clk 1:31:20]} 3. Nc3 {[%clk 1:31:48]} Bg7 {[%clk 1:31:46]} 4. e4
{[%clk 1:32:14]} d6 {[%clk 1:32:14]} 5. Be2 {[%clk 1:32:36]} O-O {[%clk 1:32:38]}
6. Nf3 {[%clk 1:33:03]} e5 {[%clk 1:33:04]} 7. O-O {[%clk 1:33:28]} Nc6
{[%clk 1:33:32]} 8. d5 {[%clk 1:33:52]} Ne7 {[%clk 1:34:00]} 9. Ne1
{[%clk 1:34:16]} Nd7 {[%clk 1:34:25]} 10. Be3 {[%clk 1:34:40]} f5
{[%clk 1:34:50]} 11. f3 {[%clk 1:35:06]} f4 {[%clk 1:35:05]} 12. Bf2
{[%clk 1:35:31]} g5 {[%clk 1:35:15]} 13. Nb5 {[%clk 1:35:54]} b6 {[%clk 1:26:11]}
14. b4 {[%clk 1:36:10]} h5 {[%clk 1:23:49]} 15. Nd3 {[%clk 1:31:06]} Nf6
{[%clk 1:20:52]} 16. c5 {[%clk 1:30:41]} Ng6 {[%clk 1:20:17]} 17. cxd6
{[%clk 1:30:44]} cxd6 {[%clk 1:20:44]} 18. Rc1 {[%clk 1:30:35]} Rf7
{[%clk 1:18:38]} 19. Rc6 {[%clk 1:24:37]} Ne8 {[%clk 1:15:22]} 20. a4
{[%clk 1:21:36]} Bf8 {[%clk 1:11:41]} 21. Kh1 {[%clk 1:13:05]} Bd7
{[%clk 1:09:50]} 22. Qb3 {[%clk 1:08:58]} g4 {[%clk 1:05:31]} 23. Nxa7
{[%clk 1:00:56]} g3 {[%clk 1:02:18]} 24. Bxb6 {[%clk 1:01:20]} Qh4
{[%clk 1:02:44]} 25. Bg1 {[%clk 1:01:46]} Rxa7 {[%clk 1:03:09]} 26. b5
{[%clk 1:01:48]} Ne7 {[%clk 1:01:00]} 27. Rfc1 {[%clk 0:57:56]} Rg7
{[%clk 0:52:53]} 28. Bf1 {[%clk 0:57:03]} Nf6 {[%clk 0:48:40]} 29. Nxe5
{[%clk 0:55:20]} dxe5 {[%clk 0:37:25]} 30. d6+ {[%clk 0:46:15]} Kh7
{[%clk 0:35:35]} 31. dxe7 {[%clk 0:43:53]} Bxe7 {[%clk 0:36:04]} 32. R6c2
{[%clk 0:39:32]} Bd8 {[%clk 0:24:04]} 33. h3 {[%clk 0:37:53]} Ra8
{[%clk 0:18:39]} 34. Rb2 {[%clk 0:32:54]} Ng4 {[%clk 0:13:36]} 35. Rcc2
{[%clk 0:29:55]} Nf2+ {[%clk 0:13:19]} 36. Rxf2 {[%clk 0:29:36]} gxf2
{[%clk 0:12:25]} 37. Bxf2 {[%clk 0:30:00]} Qe7 {[%clk 0:12:37]} 38. Bc4
{[%clk 0:24:39]} Qg5 {[%clk 0:12:48]} 39. Bf1 {[%clk 0:23:20]} Qg6
{[%clk 0:11:49]} 40. b6 {[%clk 0:51:57]} Bc6 {[%clk 0:41:10]} 41. Ra2
{[%clk 0:51:50]} Bb7 {[%clk 0:37:45]} 42. Bg1 {[%clk 0:51:37]} Rc8
{[%clk 0:30:33]} 43. Qb2 {[%clk 0:50:52]} Qe6 {[%clk 0:18:35]} 44. Ra1
{[%clk 0:50:03]} Rb8 {[%clk 0:07:05]} 45. a5 {[%clk 0:49:44]} Bc8
{[%clk 0:07:16]} 46. Rb1 {[%clk 0:48:34]} Ra8 {[%clk 0:06:30]} 47. Qc3
{[%clk 0:46:20]} Bb7 {[%clk 0:05:12]} 48. Rb2 {[%clk 0:42:50]} Rd7
{[%clk 0:04:26]} 49. Bc4 {[%clk 0:40:59]} Qd6 {[%clk 0:04:31]} 50. Bb5
{[%clk 0:40:18]} Rc8 {[%clk 0:02:46]} 51. Qb3 {[%clk 0:40:23]} Rg7
{[%clk 0:01:36]} 52. Rb1 {[%clk 0:37:28]} Qd2 {[%clk 0:01:57]} 53. Rb2
{[%clk 0:37:34]} Qxa5 {[%clk 0:02:16]} 54. Qe6 {[%clk 0:37:52]} Qc3
{[%clk 0:00:40]} 55. Qf5+ {[%clk 0:37:37]} Kg8 {[%clk 0:01:02]} 56. Qe6+
{[%clk 0:37:56]} Kh7 {[%clk 0:00:49]} 57. Qf5+ {[%clk 0:38:23]} Kh6
{[%clk 0:01:00]} 58. Be8 {[%clk 0:36:48]} Bg5 {[%clk 0:01:00]} 59. Qe6+
{[%clk 0:36:04]} Kh7 {[%clk 0:01:29]} 60. Rb5 {[%clk 0:35:51]} Qa1
{[%clk 0:00:51]} 61. Kh2 {[%clk 0:34:11]} Rc1 {[%clk 0:00:35]} 62. Qf5+
{[%clk 0:26:57]} Kh8 {[%clk 0:01:00]} 63. Qf8+ {[%clk 0:26:41]} Kh7
{[%clk 0:01:25]} 64. Qf5+ {[%clk 0:26:32]} Kg8 {[%clk 0:00:49]} 65. Rxe5
{[%clk 0:26:10]} Rc8 {[%clk 0:00:38]} 66. Bg6 {[%clk 0:24:02]} Qxe5
{[%clk 0:00:35]} 67. Qxe5 {[%clk 0:24:06]} Rxg6 {[%clk 0:01:03]} 68. Bd4
{[%clk 0:24:00]} Bh6 {[%clk 0:00:35]} 69. Qe7 {[%clk 0:20:33]} Bg7
{[%clk 0:00:32]} 70. Qxb7 {[%clk 0:20:08]} Rc2 {[%clk 0:01:01]} 71. Qd5+
{[%clk 0:20:08]} Kh7 {[%clk 0:01:30]} 72. Qxh5+ {[%clk 0:20:08]} Bh6
{[%clk 0:01:59]} 73. Qxg6+ {[%clk 0:20:07]} Kxg6 {[%clk 0:02:23]} 74. b7
{[%clk 0:20:34]} 1-0

[Event "MP do 18 lat - chlopcy"]
[Site "Sypniewo"]
[Date "2022.03.26"]
[Round "8.8"]
[White "Fiedorek, Michal"]
[Black "Kitewski, Bartosz"]
[Result "1-0"]
[BlackElo "1870"]
[WhiteElo "2317"]
[LiveChessVersion "1.4.8"]

1. e4 {[%clk 1:30:58]} c5 {[%clk 1:30:52]} 2. Nf3 {[%clk 1:31:09]} d6
{[%clk 1:31:15]} 3. d4 {[%clk 1:27:12]} cxd4 {[%clk 1:31:24]} 4. Nxd4
{[%clk 1:27:35]} Nf6 {[%clk 1:31:48]} 5. Nc3 {[%clk 1:28:00]} a6 {[%clk 1:32:13]}
6. h3 {[%clk 1:27:52]} e6 {[%clk 1:32:35]} 7. g4 {[%clk 1:27:35]} h6
{[%clk 1:32:17]} 8. Bg2 {[%clk 1:26:35]} Qc7 {[%clk 1:30:42]} 9. Be3
{[%clk 1:26:24]} Bd7 {[%clk 1:29:20]} 10. Qe2 Nc6 11. f4 {[%clk 1:18:46]} Rc8
{[%clk 1:20:55]} 12. O-O-O {[%clk 1:15:30]} b5 {[%clk 1:18:23]} 13. Nxc6
{[%clk 0:56:46]} Bxc6 {[%clk 1:18:26]} 14. Bd4 {[%clk 0:51:27]} Nd7
{[%clk 1:10:45]} 15. Nd5 {[%clk 0:42:53]} Qb8 {[%clk 1:09:11]} 16. h4
{[%clk 0:41:39]} b4 {[%clk 1:01:12]} 17. Rhe1 {[%clk 0:39:45]} e5
{[%clk 0:57:20]} 18. Be3 {[%clk 0:38:05]} a5 {[%clk 0:52:59]} 19. Kb1
{[%clk 0:37:59]} a4 {[%clk 0:42:00]} 20. b3 {[%clk 0:31:21]} Bxd5
{[%clk 0:33:23]} 21. exd5 {[%clk 0:30:17]} Be7 {[%clk 0:33:46]} 22. g5
{[%clk 0:30:04]} Qc7 {[%clk 0:25:01]} 23. fxe5 {[%clk 0:24:54]} Nxe5
{[%clk 0:24:18]} 24. Bh3 {[%clk 0:24:05]} Rb8 {[%clk 0:23:46]} 25. gxh6
{[%clk 0:18:38]} gxh6 {[%clk 0:17:57]} 26. Bd4 {[%clk 0:18:59]} Bxh4
{[%clk 0:15:26]} 27. Rf1 {[%clk 0:14:42]} Qe7 {[%clk 0:09:26]} 28. Rf5
{[%clk 0:13:18]} O-O {[%clk 0:08:39]} 29. Bxe5 {[%clk 0:08:18]} dxe5
{[%clk 0:09:03]} 30. d6 {[%clk 0:08:43]} Qd8 {[%clk 0:08:25]} 31. Rg1+
{[%clk 0:08:14]} Bg5 {[%clk 0:08:36]} 32. Rfxg5+ {[%clk 0:07:28]} hxg5
{[%clk 0:08:49]} 33. Qh5 {[%clk 0:07:37]} 1-0

[Event "MP do 18 lat - chlopcy"]
[Site "Sypniewo"]
[Date "2022.03.26"]
[Round "8.9"]
[White "Grzesik, Gracjan"]
[Black "Kacprzak, Karol"]
[Result "1/2-1/2"]
[BlackElo "2275"]
[WhiteElo "2208"]
[LiveChessVersion "1.4.8"]

1. c4 {[%clk 1:30:56]} e5 {[%clk 1:30:20]} 2. Nc3 {[%clk 1:31:05]} Nc6
{[%clk 1:30:34]} 3. Nf3 {[%clk 1:29:51]} f5 {[%clk 1:30:33]} 4. d4
{[%clk 1:28:39]} e4 {[%clk 1:30:45]} 5. Ng5 {[%clk 1:28:06]} Bb4 {[%clk 1:30:36]}
6. Nh3 {[%clk 1:23:44]} Nf6 {[%clk 1:29:18]} 7. e3 {[%clk 1:23:35]} Bxc3+
{[%clk 1:25:55]} 8. bxc3 {[%clk 1:24:03]} d6 {[%clk 1:26:08]} 9. Nf4
{[%clk 1:17:10]} Ne7 {[%clk 1:15:57]} 10. Be2 {[%clk 1:09:10]} O-O
{[%clk 1:14:46]} 11. h4 {[%clk 1:04:29]} c5 {[%clk 1:05:00]} 12. a4
{[%clk 0:59:31]} Ng6 {[%clk 0:56:53]} 13. a5 {[%clk 0:51:42]} Nxf4
{[%clk 0:33:22]} 14. exf4 {[%clk 0:52:07]} Be6 {[%clk 0:33:11]} 15. Be3
{[%clk 0:45:55]} Qc7 {[%clk 0:32:49]} 16. Qb3 {[%clk 0:42:24]} Rab8
{[%clk 0:27:19]} 17. O-O {[%clk 0:38:43]} Rfc8 {[%clk 0:26:26]} 18. Rfc1
{[%clk 0:34:49]} Bf7 {[%clk 0:24:16]} 19. Qa3 {[%clk 0:30:03]} Qe7
{[%clk 0:16:29]} 20. Rab1 {[%clk 0:25:20]} Rc7 {[%clk 0:14:55]} 21. Rb2
{[%clk 0:21:37]} Rbc8 {[%clk 0:12:30]} 22. Rcb1 {[%clk 0:17:33]} Be8
{[%clk 0:11:54]} 23. Rb3 {[%clk 0:15:38]} Rb8 {[%clk 0:10:17]} 24. R3b2
{[%clk 0:11:44]} Rbc8 {[%clk 0:09:56]} 25. Rb3 {[%clk 0:11:31]} Rb8
{[%clk 0:10:05]} 26. R3b2 {[%clk 0:11:18]} Nd7 {[%clk 0:06:30]} 27. g3
{[%clk 0:09:57]} b6 {[%clk 0:04:44]} 28. Rb3 {[%clk 0:08:32]} Rbc8
{[%clk 0:04:22]} 29. axb6 {[%clk 0:07:15]} Nxb6 {[%clk 0:04:14]} 30. Qa5
{[%clk 0:05:07]} Bf7 {[%clk 0:03:46]} 31. d5 {[%clk 0:03:19]} Qe8
{[%clk 0:03:07]} 32. Qa2 {[%clk 0:02:55]} Rb7 {[%clk 0:02:17]} 33. Ra3
{[%clk 0:02:47]} Rcc7 {[%clk 0:02:36]} 34. Ra6 {[%clk 0:01:51]} Bh5
{[%clk 0:02:05]} 35. Rb5 {[%clk 0:00:53]} h6 {[%clk 0:01:39]} 36. Rba5
{[%clk 0:00:45]} Kh7 {[%clk 0:00:52]} 37. Ra3 {[%clk 0:00:36]} Qg6
{[%clk 0:00:45]} 38. R3a5 {[%clk 0:00:34]} Bxe2 {[%clk 0:00:40]} 39. Qxe2
{[%clk 0:00:57]} Qg4 {[%clk 0:00:52]} 40. Qf1 {[%clk 0:30:33]} Nxc4
{[%clk 0:30:35]} 41. Qxc4 {[%clk 0:19:40]} Rb1+ {[%clk 0:30:55]} 42. Qf1
{[%clk 0:19:38]} Rxf1+ {[%clk 0:30:44]} 43. Kxf1 {[%clk 0:20:07]} Qd1+
{[%clk 0:29:39]} 44. Kg2 {[%clk 0:20:34]} Rb7 {[%clk 0:23:30]} 45. Ra1
{[%clk 0:20:21]} Qxd5 {[%clk 0:21:54]} 46. Rxa7 {[%clk 0:19:23]} Rxa7
{[%clk 0:10:21]} 47. Rxa7 {[%clk 0:19:51]} Kg6 {[%clk 0:10:33]} 48. Ra6
{[%clk 0:16:57]} Kh5 {[%clk 0:09:53]} 49. c4 {[%clk 0:14:49]} Qd3
{[%clk 0:09:30]} 50. Rb6 {[%clk 0:13:46]} Qd1 {[%clk 0:07:40]} 51. Rc6
{[%clk 0:11:47]} Kg4 {[%clk 0:02:36]} 52. Rb6 {[%clk 0:10:19]} Qf3+
{[%clk 0:01:41]} 53. Kh2 {[%clk 0:08:05]} Qe2 {[%clk 0:00:39]} 54. Kg2
{[%clk 0:08:03]} Qf3+ {[%clk 0:01:07]} 55. Kh2 {[%clk 0:08:24]} Qd1
{[%clk 0:01:11]} 56. Kg2 {[%clk 0:08:10]} Kh5 {[%clk 0:00:50]} 57. Rc6
{[%clk 0:06:52]} Qd3 {[%clk 0:00:43]} 58. Rb6 {[%clk 0:06:33]} Qd1
{[%clk 0:00:33]} 59. Rc6 {[%clk 0:06:05]} Qd3 {[%clk 0:00:32]} 1/2-1/2

[Event "MP do 18 lat - chlopcy"]
[Site "Sypniewo"]
[Date "2022.03.26"]
[Round "8.10"]
[White "Sidorczuk, Pawel"]
[Black "Turski, Bartlomiej"]
[Result "0-1"]
[BlackElo "2220"]
[WhiteElo "1917"]
[LiveChessVersion "1.4.8"]

1. e4 {[%clk 1:30:59]} c5 {[%clk 1:30:56]} 2. Nf3 {[%clk 1:31:25]} Nc6
{[%clk 1:31:22]} 3. d4 {[%clk 1:31:51]} cxd4 {[%clk 1:31:48]} 4. Nxd4
{[%clk 1:32:18]} Nf6 {[%clk 1:32:14]} 5. Nc3 {[%clk 1:32:45]} d6 {[%clk 1:32:40]}
6. Bg5 {[%clk 1:33:12]} e6 {[%clk 1:33:04]} 7. Qd2 {[%clk 1:33:37]} a6
{[%clk 1:33:28]} 8. O-O-O {[%clk 1:33:17]} Bd7 {[%clk 1:33:53]} 9. f3
{[%clk 1:32:59]} Be7 {[%clk 1:34:06]} 10. h4 {[%clk 1:32:38]} h6 {[%clk 1:34:25]}
11. Be3 {[%clk 1:32:56]} h5 {[%clk 1:34:50]} 12. Bg5 {[%clk 1:33:22]} Nxd4
{[%clk 1:35:04]} 13. Qxd4 {[%clk 1:33:48]} Qc7 {[%clk 1:35:27]} 14. Kb1
{[%clk 1:31:01]} b5 {[%clk 1:35:38]} 15. Ne2 {[%clk 1:27:42]} Rc8
{[%clk 1:16:23]} 16. Qd2 {[%clk 1:24:37]} Bc6 {[%clk 1:05:40]} 17. Nd4
{[%clk 1:13:49]} Bb7 {[%clk 1:05:00]} 18. Bd3 {[%clk 1:11:31]} Qb6
{[%clk 0:47:34]} 19. Rhe1 {[%clk 0:50:30]} g6 {[%clk 0:37:43]} 20. e5
{[%clk 0:22:09]} dxe5 {[%clk 0:29:43]} 21. Rxe5 {[%clk 0:22:33]} Bd5
{[%clk 0:28:42]} 22. Qf4 {[%clk 0:20:41]} Ng8 {[%clk 0:25:36]} 23. Rxd5
{[%clk 0:15:59]} exd5 {[%clk 0:22:27]} 24. Qe5 {[%clk 0:14:57]} Nf6
{[%clk 0:20:04]} 25. Re1 {[%clk 0:06:26]} O-O {[%clk 0:19:23]} 26. Nf5
{[%clk 0:00:48]} Bd8 {[%clk 0:16:55]} 27. Nd6 {[%clk 0:00:39]} Rc6
{[%clk 0:15:20]} 28. Bf4 {[%clk 0:01:06]} Nd7 {[%clk 0:14:13]} 29. Qxd5
{[%clk 0:00:59]} Bc7 {[%clk 0:13:49]} 30. Bxg6 {[%clk 0:00:43]} Rxd6
{[%clk 0:13:00]} 31. Bxd6 {[%clk 0:00:50]} Qxd6 {[%clk 0:13:03]} 32. Qxd6
{[%clk 0:01:12]} Bxd6 {[%clk 0:13:32]} 33. Rd1 {[%clk 0:01:40]} Bg3
{[%clk 0:12:47]} 34. Bf5 {[%clk 0:00:47]} Nf6 {[%clk 0:13:06]} 35. a3
{[%clk 0:00:57]} Re8 {[%clk 0:12:18]} 36. Ka2 {[%clk 0:00:38]} Kg7
{[%clk 0:11:52]} 37. Rd2 {[%clk 0:00:34]} Re5 {[%clk 0:11:28]} 38. Bc8
{[%clk 0:00:37]} a5 {[%clk 0:11:42]} 39. Bb7 {[%clk 0:00:53]} Bxh4
{[%clk 0:11:28]} 40. Kb3 {[%clk 0:30:54]} Bg5 {[%clk 0:40:09]} 41. Rd4
{[%clk 0:28:09]} Be3 {[%clk 0:38:35]} 42. Rd3 {[%clk 0:27:18]} Bc5
{[%clk 0:36:03]} 43. Bc6 {[%clk 0:24:52]} b4 {[%clk 0:35:21]} 44. a4
{[%clk 0:24:04]} Re3 {[%clk 0:32:14]} 45. Kc4 {[%clk 0:22:00]} Rxd3
{[%clk 0:32:38]} 46. cxd3 {[%clk 0:22:29]} Bb6 {[%clk 0:32:53]} 47. Kb5
{[%clk 0:22:39]} Bd8 {[%clk 0:32:56]} 48. Kc5 {[%clk 0:22:10]} h4
{[%clk 0:32:04]} 49. d4 {[%clk 0:22:00]} Nh5 {[%clk 0:31:28]} 50. Kd6
{[%clk 0:18:55]} Bf6 0-1

[Event "MP do 18 lat - chlopcy"]
[Site "Sypniewo"]
[Date "2022.03.26"]
[Round "8.11"]
[White "Gorkiewicz, Mateusz"]
[Black "Kaliszuk, Kamil"]
[Result "0-1"]
[BlackElo "1963"]
[WhiteElo "2073"]
[LiveChessVersion "1.4.8"]

1. e4 {[%clk 1:30:46]} e5 {[%clk 1:30:40]} 2. Nf3 {[%clk 1:31:01]} Nc6
{[%clk 1:31:01]} 3. Bb5 {[%clk 1:31:10]} a6 {[%clk 1:31:20]} 4. Bxc6
{[%clk 1:31:05]} dxc6 {[%clk 1:29:20]} 5. O-O {[%clk 1:31:19]} Bg4
{[%clk 1:27:26]} 6. h3 {[%clk 1:31:27]} h5 {[%clk 1:25:52]} 7. d3
{[%clk 1:31:18]} Qf6 {[%clk 1:24:49]} 8. Nbd2 {[%clk 1:31:26]} g5
{[%clk 1:12:48]} 9. Re1 Be6 {[%clk 1:00:17]} 10. d4 {[%clk 1:24:03]} exd4
{[%clk 0:53:04]} 11. e5 {[%clk 1:21:35]} Qg7 {[%clk 0:48:30]} 12. Nxd4
{[%clk 1:19:06]} O-O-O {[%clk 0:41:42]} 13. Nxe6 {[%clk 1:18:03]} fxe6
{[%clk 0:41:34]} 14. Qe2 {[%clk 1:15:15]} Be7 {[%clk 0:36:09]} 15. Qe3
{[%clk 1:01:41]} Kb8 {[%clk 0:23:57]} 16. Nb3 {[%clk 0:59:29]} Nh6
{[%clk 0:18:46]} 17. Nd4 {[%clk 0:49:34]} Nf5 {[%clk 0:16:32]} 18. Nxf5
{[%clk 0:49:36]} exf5 {[%clk 0:17:00]} 19. Qf3 {[%clk 0:39:26]} Qg6
{[%clk 0:14:01]} 20. g3 {[%clk 0:33:24]} g4 {[%clk 0:12:55]} 21. Qf4
{[%clk 0:26:40]} h4 {[%clk 0:09:09]} 22. hxg4 {[%clk 0:24:34]} fxg4
{[%clk 0:09:10]} 23. Be3 {[%clk 0:22:52]} hxg3 {[%clk 0:06:15]} 24. Qxg3
{[%clk 0:22:30]} Rh3 {[%clk 0:05:35]} 25. Qg2 {[%clk 0:21:41]} Rdh8
{[%clk 0:05:14]} 26. Bf4 {[%clk 0:20:36]} Qh7 {[%clk 0:04:44]} 27. Kf1
{[%clk 0:18:54]} Rh1+ {[%clk 0:04:30]} 28. Ke2 {[%clk 0:19:18]} Qxc2+
{[%clk 0:04:53]} 29. Bd2 {[%clk 0:19:31]} Qc4+ {[%clk 0:03:41]} 30. Kd1
{[%clk 0:19:47]} Qa4+ {[%clk 0:03:13]} 31. Ke2 {[%clk 0:18:13]} Qb5+
{[%clk 0:03:30]} 32. Kd1 {[%clk 0:18:17]} Qxb2 {[%clk 0:02:46]} 33. Rc1
{[%clk 0:18:22]} Rd8 {[%clk 0:02:09]} 34. f4 {[%clk 0:17:39]} gxf3
{[%clk 0:02:21]} 35. Qf2 {[%clk 0:17:14]} Bh4 {[%clk 0:01:41]} 0-1

[Event "MP do 18 lat - chlopcy"]
[Site "Sypniewo"]
[Date "2022.03.26"]
[Round "8.12"]
[White "Bachor, Tomasz"]
[Black "Stachecki, Mikolaj"]
[Result "0-1"]
[BlackElo "1837"]
[WhiteElo "2041"]
[LiveChessVersion "1.4.8"]

1. d4 {[%clk 1:30:51]} d5 {[%clk 1:30:36]} 2. Nc3 {[%clk 1:30:29]} Nf6
{[%clk 1:29:38]} 3. Bf4 {[%clk 1:30:41]} Bf5 {[%clk 1:27:29]} 4. f3
{[%clk 1:30:47]} e6 {[%clk 1:17:39]} 5. g4 {[%clk 1:30:27]} Bg6 {[%clk 1:17:50]}
6. h4 {[%clk 1:30:52]} h5 {[%clk 1:17:59]} 7. g5 {[%clk 1:31:02]} Nfd7
{[%clk 1:14:19]} 8. e3 {[%clk 1:31:09]} Bb4 {[%clk 0:59:35]} 9. Bd3
{[%clk 1:28:39]} Bxd3 {[%clk 0:57:06]} 10. Qxd3 {[%clk 1:19:36]} g6
{[%clk 0:52:04]} 11. e4 {[%clk 1:11:27]} c6 {[%clk 0:46:46]} 12. Nge2
{[%clk 1:09:36]} O-O {[%clk 0:40:09]} 13. O-O-O {[%clk 1:03:57]} Re8
{[%clk 0:37:22]} 14. Rhe1 {[%clk 0:48:49]} Nf8 {[%clk 0:30:08]} 15. Bd2
{[%clk 0:43:29]} Nbd7 {[%clk 0:27:41]} 16. Ng3 {[%clk 0:35:47]} Qc7
{[%clk 0:23:36]} 17. Rg1 {[%clk 0:28:29]} Bxc3 {[%clk 0:20:50]} 18. Bxc3
{[%clk 0:24:35]} Nb6 {[%clk 0:16:48]} 19. e5 {[%clk 0:21:31]} c5 {[%clk 0:11:56]}
20. f4 {[%clk 0:18:36]} cxd4 {[%clk 0:11:59]} 21. Bxd4 {[%clk 0:19:00]} Rec8
{[%clk 0:09:10]} 22. Kb1 {[%clk 0:17:12]} Qc4 {[%clk 0:08:38]} 23. Bxb6
{[%clk 0:14:56]} axb6 {[%clk 0:09:03]} 24. Qxc4 {[%clk 0:13:29]} Rxc4
{[%clk 0:09:29]} 25. Rgf1 {[%clk 0:13:55]} Rca4 {[%clk 0:09:20]} 26. a3
{[%clk 0:14:20]} b5 {[%clk 0:09:36]} 27. Rd3 {[%clk 0:13:56]} b4 {[%clk 0:09:13]}
28. Rff3 {[%clk 0:13:49]} Nd7 {[%clk 0:07:40]} 29. Ne2 {[%clk 0:11:37]} Nb6
{[%clk 0:06:22]} 30. Rd4 {[%clk 0:09:09]} Nc4 {[%clk 0:05:40]} 31. Nc1
{[%clk 0:06:21]} R4a7 {[%clk 0:04:17]} 32. Na2 {[%clk 0:06:08]} bxa3
{[%clk 0:04:20]} 33. b3 {[%clk 0:06:33]} Na5 {[%clk 0:04:04]} 34. c4
{[%clk 0:06:10]} Nc6 {[%clk 0:03:48]} 35. Rdd3 {[%clk 0:06:14]} dxc4
{[%clk 0:03:56]} 36. bxc4 {[%clk 0:06:37]} Ra4 {[%clk 0:04:12]} 37. Rc3
{[%clk 0:06:40]} Nd4 {[%clk 0:03:12]} 38. Rfd3 {[%clk 0:06:33]} Nf5
{[%clk 0:03:30]} 39. Rd7 {[%clk 0:06:33]} Rc8 {[%clk 0:03:01]} 40. c5
{[%clk 0:35:52]} Ra5 {[%clk 0:31:21]} 41. Rxb7 {[%clk 0:35:03]} Rcxc5
{[%clk 0:19:08]} 42. Rcb3 {[%clk 0:33:04]} Rc8 {[%clk 0:18:33]} 43. Rd7
{[%clk 0:32:27]} Raa8 {[%clk 0:15:08]} 44. Ka1 {[%clk 0:29:26]} Rd8
{[%clk 0:13:36]} 45. Rxd8+ {[%clk 0:27:57]} Rxd8 {[%clk 0:14:03]} 46. Rxa3
{[%clk 0:28:23]} Nxh4 {[%clk 0:13:26]} 47. Nc3 {[%clk 0:27:58]} Rd4
{[%clk 0:13:25]} 48. Nb5 {[%clk 0:27:57]} Rxf4 {[%clk 0:13:12]} 49. Ra8+
{[%clk 0:28:02]} Kh7 {[%clk 0:12:27]} 50. Nd6 {[%clk 0:28:03]} Nf3
{[%clk 0:11:29]} 51. Ne8 {[%clk 0:27:46]} h4 {[%clk 0:07:40]} 52. Nf6+
{[%clk 0:25:32]} Rxf6 {[%clk 0:08:06]} 53. exf6 {[%clk 0:25:53]} h3
{[%clk 0:07:46]} 54. Ra7 {[%clk 0:22:35]} h2 {[%clk 0:07:15]} 55. Rxf7+
{[%clk 0:22:58]} Kg8 {[%clk 0:07:32]} 56. Rg7+ {[%clk 0:22:53]} Kh8
{[%clk 0:07:52]} 57. Rxg6 {[%clk 0:23:07]} h1=Q+ {[%clk 0:08:15]} 58. Kb2
{[%clk 0:23:24]} Qg2+ {[%clk 0:07:43]} 59. Ka3 {[%clk 0:23:49]} Nxg5
{[%clk 0:07:07]} 60. f7 {[%clk 0:24:12]} Qf3+ {[%clk 0:06:48]} 0-1

[Event "MP do 18 lat - chlopcy"]
[Site "Sypniewo"]
[Date "2022.03.26"]
[Round "8.13"]
[White "Kozlowski, Michal"]
[Black "Bartlomowicz, Jakub"]
[Result "1-0"]
[BlackElo "1774"]
[WhiteElo "2078"]
[LiveChessVersion "1.4.8"]

1. e4 {[%clk 1:30:59]} e5 {[%clk 1:30:56]} 2. Nf3 {[%clk 1:31:25]} Nc6
{[%clk 1:31:20]} 3. Bc4 {[%clk 1:31:51]} Bc5 {[%clk 1:31:38]} 4. c3
{[%clk 1:32:17]} Nf6 {[%clk 1:31:59]} 5. d4 {[%clk 1:32:33]} exd4
{[%clk 1:32:03]} 6. e5 {[%clk 1:32:57]} d5 {[%clk 1:31:41]} 7. Bb5
{[%clk 1:33:22]} Ne4 {[%clk 1:31:33]} 8. cxd4 {[%clk 1:33:22]} Bb6
{[%clk 1:31:24]} 9. Nc3 {[%clk 1:28:59]} Bg4 {[%clk 1:28:51]} 10. Qb3
{[%clk 1:21:19]} O-O {[%clk 1:21:56]} 11. Qxd5 {[%clk 0:59:46]} Qxd5
{[%clk 1:20:15]} 12. Nxd5 {[%clk 1:00:11]} Nxd4 {[%clk 1:18:34]} 13. Nxd4
{[%clk 0:41:53]} Bxd4 {[%clk 1:18:47]} 14. f3 {[%clk 0:31:30]} c6
{[%clk 1:14:53]} 15. Ne7+ {[%clk 0:24:40]} Kh8 {[%clk 1:15:16]} 16. Bxc6
{[%clk 0:23:52]} Nf2 {[%clk 0:52:13]} 17. Bxb7 {[%clk 0:12:03]} Nxh1
{[%clk 0:46:08]} 18. Bxa8 {[%clk 0:12:22]} Rxa8 {[%clk 0:46:18]} 19. fxg4
{[%clk 0:12:35]} Bxe5 {[%clk 0:46:44]} 20. Nc6 {[%clk 0:11:35]} Bxh2
{[%clk 0:47:07]} 21. Be3 {[%clk 0:12:00]} Ng3 {[%clk 0:45:55]} 22. Bxa7
{[%clk 0:07:03]} Re8+ {[%clk 0:44:27]} 23. Kd2 {[%clk 0:06:23]} Re2+
{[%clk 0:44:33]} 24. Kc3 {[%clk 0:06:14]} Rxg2 {[%clk 0:44:13]} 25. b4
{[%clk 0:04:01]} Ne4+ {[%clk 0:44:06]} 26. Kd3 {[%clk 0:04:00]} Nd6
{[%clk 0:41:36]} 27. a4 {[%clk 0:03:07]} Rg3+ {[%clk 0:41:34]} 28. Be3
{[%clk 0:01:43]} f5 {[%clk 0:41:02]} 29. Rf1 {[%clk 0:02:09]} Rxg4
{[%clk 0:41:07]} 30. a5 {[%clk 0:01:02]} g6 {[%clk 0:40:25]} 31. a6
{[%clk 0:01:02]} Nb5 {[%clk 0:40:38]} 32. Nd4 {[%clk 0:00:52]} Nc7
{[%clk 0:40:21]} 33. b5 {[%clk 0:00:51]} Be5 {[%clk 0:39:16]} 34. a7
{[%clk 0:00:41]} Bxd4 {[%clk 0:37:47]} 35. Bxd4+ {[%clk 0:01:09]} Rxd4+
{[%clk 0:38:08]} 36. Kxd4 {[%clk 0:01:35]} Nxb5+ {[%clk 0:38:35]} 37. Ke5
{[%clk 0:02:02]} Nxa7 {[%clk 0:38:53]} 38. Kf6 {[%clk 0:02:28]} h5
{[%clk 0:38:53]} 39. Kxg6 {[%clk 0:02:48]} Nc6 {[%clk 0:39:15]} 40. Re1
{[%clk 0:33:13]} Kg8 {[%clk 1:09:12]} 41. Re8# 1-0

[Event "MP do 18 lat - chlopcy"]
[Site "Sypniewo"]
[Date "2022.03.26"]
[Round "8.14"]
[White "Dalkowski, Rafal"]
[Black "Zabron, Maksym"]
[Result "1-0"]
[BlackElo "1934"]
[WhiteElo "2138"]
[LiveChessVersion "1.4.8"]

1. d4 {[%clk 1:30:58]} g6 {[%clk 1:30:38]} 2. c4 {[%clk 1:30:45]} Bg7
{[%clk 1:31:03]} 3. e4 {[%clk 1:30:36]} c5 {[%clk 1:30:55]} 4. d5
{[%clk 1:30:24]} d6 {[%clk 1:31:16]} 5. Be2 {[%clk 1:29:54]} e6 {[%clk 1:31:26]}
6. Nf3 {[%clk 1:28:51]} Ne7 {[%clk 1:31:41]} 7. O-O {[%clk 1:28:47]} exd5
{[%clk 1:32:06]} 8. cxd5 {[%clk 1:28:58]} O-O {[%clk 1:31:13]} 9. Nc3
{[%clk 1:27:46]} a6 {[%clk 1:17:05]} 10. a4 {[%clk 1:27:47]} h6 {[%clk 1:16:38]}
11. Re1 {[%clk 1:22:55]} f5 {[%clk 1:06:37]} 12. exf5 {[%clk 1:20:16]} Nxf5
{[%clk 1:06:15]} 13. Bd3 {[%clk 1:09:48]} b6 {[%clk 0:40:37]} 14. Bf4
{[%clk 0:55:24]} Ra7 {[%clk 0:36:58]} 15. Bxf5 {[%clk 0:36:00]} Bxf5
{[%clk 0:36:55]} 16. Bg3 {[%clk 0:36:07]} Bxc3 {[%clk 0:28:38]} 17. bxc3
{[%clk 0:36:25]} Re7 {[%clk 0:18:44]} 18. Qd2 {[%clk 0:33:57]} g5
{[%clk 0:16:59]} 19. Rxe7 {[%clk 0:33:22]} Qxe7 {[%clk 0:17:26]} 20. Re1
{[%clk 0:33:44]} Qf6 {[%clk 0:17:16]} 21. Qe3 {[%clk 0:32:40]} Kf7
{[%clk 0:16:07]} 22. h4 {[%clk 0:31:58]} g4 {[%clk 0:15:00]} 23. Nd2
{[%clk 0:32:06]} b5 {[%clk 0:13:12]} 24. axb5 {[%clk 0:31:36]} axb5
{[%clk 0:13:37]} 25. Ne4 {[%clk 0:31:27]} Bxe4 {[%clk 0:14:02]} 26. Qxe4
{[%clk 0:31:54]} Rg8 {[%clk 0:13:36]} 27. Ra1 {[%clk 0:27:36]} Re8
{[%clk 0:12:07]} 28. Ra7+ {[%clk 0:23:44]} Re7 {[%clk 0:12:02]} 29. Qh7+
{[%clk 0:23:36]} 1-0